000 01268nam a2200241Ia 4500
999 _c53261
_d53261
001 20302
003 GE_BSU
005 20200902150455.0
008 181216s1972||||ge |||||||||||||| ||geo||
040 _cGE_BSU
041 _ageo
080 _a811.353.1'373 შ-20
100 _aშამელაშვილი, რაფიელ
_99345
245 _aთანამედროვე ქართული ენის ლექსიკა :
_b ნაკვ. 1 /
_cრაფიელ შამელაშვილი ; რედ. ალ. ღლონტი.
264 _aთბილისი :
_bთბილ. უნ-ტის გამ-ბა,
_c1972.
300 _a111 გვ. ;
_c21 სმ.
504 _aბიბლიოგრაფია გვ. 97-110
541 _h1ლ.10თ.
653 _aთანამედროვე ქართული ენის ლექსიკა
653 _aქართული ენა
710 _aსაქართველოს სსრ უმაღლესი და საშუალო სპეციალური განათლების სამინისტრო
_b სამეცნიერო-მეთოდური კაბინეტი
_99392
942 _cBK
_2udc